000 00460nam a2200157 i 4500
001 38163
003 ES-MaACL
005 20230906155717.0
007 t|
008 030224s1970 sp ||||1| spa d
100 1 _aCabestrero, Teófilo.
_933189
245 1 0 _aNavidad y epifanía del hombre nuevo
_b: ciclos A, B y C /
_cTeófilo Cabestrero.
260 _aSalamanca :
_bSígueme,
_c1970.
300 _a282 p. ;
_c19 cm.
852 _aES-MaACL
_jC-48112
_bR.75930
999 _c38163
_d38163